Normal view MARC view

Entry Personal Name

Number of records used in: 3

001 - CONTROL NUMBER

  • control field: 46005

003 - CONTROL NUMBER IDENTIFIER

  • control field: dpl

005 - DATE AND TIME OF LATEST TRANSACTION

  • control field: 20120428174754.0

008 - FIXED-LENGTH DATA ELEMENTS

  • fixed length control field: 120428|||a|||||| | ||| d

040 ## - CATALOGING SOURCE

  • Original cataloging agency: dpl
  • Transcribing agency: dpl

100 ## - HEADING--PERSONAL NAME

  • Personal name: Swain, Partap Chandra

670 ## - SOURCE DATA FOUND

  • Source citation: Work cat.: (dpl): Swain, Partap Chandra, Bhartiya Janta party: profile and performance/, 2001

670 ## - SOURCE DATA FOUND

  • Source citation: Work cat.: (dpl): Swain, Partap Chandra, Bhartiya Janta party: profile and performance/, 2001

© Delhi Public Library
Hit Counter
free hit counter